000
00247nam a22001217a 4500
008
171027b xxu||||| |||| 00| 0 eng d
041
_a
alb
080
_a
336
100
_a
56
101
_a
FIN
245
_a
DREJTIM FINANCIAR 2
942
_2
udc
_c
BK
999
_c
36121
_d
36121